00767nam a2200205 4500003000900000005001700009008004100026040004600067082002400113110003600137245012200173264003600295300003900331336002200370337002400392338003300416546002400449650003100473856005700504EG-GICUC20260408140703.0260408s1968 Sz a|||f |||| 00| 0 Fre d a EG-GICUCbfrec EG-GICUCd EG-GICUCerda04a341.33bC O . A221 kCode Diplomatique Et Consulaire aAnnuaire Pour Le Corps Diplomatique Et Consulaire Du Monde Entier :nVolume I /cPar Code Diplomatique Et Consulaire. aSuisse:bArogno-Lugano, c1968. a976 Pages:billustration ;c24 Cm. 2rda contentatext 2rda mediaaComputer 2rda carrieraOnline Resource aTexte en français14aDroit international Public40uhttps://fll.law.cu.edu.eg/fulltext/bks/B11-06833.pdf